Statistiques concernant Les 20 clubs européens avec la meilleure moyenne de spectateurs.

Cliquez ici pour prendre le quiz!

Statistiques générales

  • Ce quiz a été pris 137 fois
  • Le résultat moyen est 16 sur 20

Statistiques - réponses

Moyenne
de
spectateurs
ClubsPays% Correct
46 477Olympique de MarseilleFrance
100%
67 832FC BarceloneEspagne
99%
48 941AC MilanItalie
98%
61 977Bayern MunichAllemagne
98%
70 805Borussia DortmundAllemagne
98%
69 127Manchester UnitedAngleterre
98%
64 087Real MadridEspagne
98%
50 090Inter MilanItalie
96%
43 437Manchester CityAngleterre
96%
45 904Ajax AmsterdamPays-Bas
95%
43 761Liverpool FCAngleterre
94%
51 120ArsenalAngleterre
92%
49 805Celtic FCEcosse
91%
43 178Glasgow RangersEcosse
89%
47 681Newcastle UnitedAngleterre
56%
58 778FC Schalke 04Allemagne
52%
49 693Hambourg SVAllemagne
51%
42 455VfB StuttgartAllemagne
44%
41 805Borussia M'GladbachAllemagne
43%
45 203Hertha BSCAllemagne
29%

Distribution des résultats

Percentile par nombre de réponses

% des personnes avec chaque résultat

Votre développement - résultats

Vous n’avez pas pris ce quiz